Spendi l'amore cowboy. (Record n. 11764)
[ formato base ]
| 000 -LEADER | |
|---|---|
| fixed length control field | 01046nam a2200193Ia 4500 |
| 003 - CONTROL NUMBER IDENTIFIER | |
| control field | IT-RoPAU |
| 005 - DATE AND TIME OF LATEST TRANSACTION | |
| control field | 20220918175437.0 |
| 008 - FIXED-LENGTH DATA ELEMENTS--GENERAL INFORMATION | |
| fixed length control field | 120407s9999 xx 000 0 und d |
| 040 ## - CATALOGING SOURCE | |
| Original cataloging agency | IT-RoPAU |
| Transcribing agency | 20130627162110.0 |
| 040 ## - CATALOGING SOURCE | |
| Transcribing agency | IT-RoPAU |
| 100 ## - MAIN ENTRY--PERSONAL NAME | |
| Personal name | Fornasari E. - Maselli A. |
| 9 (RLIN) | 760 |
| 245 ## - TITLE STATEMENT | |
| Title | Spendi l'amore cowboy. |
| Remainder of title | Profilo biografico di Don Salvatore John Carolla |
| 260 ## - PUBLICATION, DISTRIBUTION, ETC. (IMPRINT) | |
| Place of publication, distribution, etc. | Roma |
| Name of publisher, distributor, etc. | Tipolitografia Trullo s.r.l. |
| Date of publication, distribution, etc. | S.d. |
| 300 ## - PHYSICAL DESCRIPTION | |
| Dimensions | 21,5 cm |
| Extent | 196 pp. |
| 520 ## - SUMMARY, ETC. | |
| Summary, etc. | Indice<br/><br/>Premessa<br/>Introduzione<br/>Anteprima virtuale - La folgorazione<br/>Cap. I - Umili origini<br/>Cap. II - La vocazione<br/>Cap. III - La maturità umanistica<br/>Cap. IV - Sorge una Basilica<br/>Cap. V - Salvatore segreto<br/>Cap. VI - Il sacerdote<br/>Cap. VII - L'educatore<br/>Cap. VIII - Il comunicatore<br/>Cap. IX - Gli anni di piombo<br/>Cap. X - Il sogno americano<br/>Cap. XI - Il maestro dei Novizi<br/>Cap. XII - L'immolazione<br/>Appendice A - Tesi di laurea<br/>Appendice B - Lettere di Don Carolla<br/>Appendice C - Articoli<br/>BIbliografia<br/><br/> |
| 700 ## - ADDED ENTRY--PERSONAL NAME | |
| Personal name | Antonio Maselli |
| 9 (RLIN) | 761 |
| 942 ## - ADDED ENTRY ELEMENTS (KOHA) | |
| Koha item type | LIBRO |
| Source of classification or shelving scheme | Dewey Decimal Classification |
| Withdrawn status | Lost status | Damaged status | Not for loan | Home library | Current library | Date acquired | Total Checkouts | Full call number | Date last seen | Price effective from | Koha item type | Public note | Source of classification or shelving scheme |
|---|---|---|---|---|---|---|---|---|---|---|---|---|---|
| Buone Condizioni | Not For Loan | PAULUS-BIBLIOTECA | PAULUS-BIBLIOTECA | 11/04/2012 | 07 spalla - CG. | 11/04/2012 | 11/04/2012 | LIBRO | |||||
| Buone Condizioni | Not For Loan | PAULUS-BIBLIOTECA | PAULUS-BIBLIOTECA | 11/04/2012 | 11/04/2012 | 11/04/2012 | LIBRO | Inserito da: Valentino In data: n.d. fondo: Fanella - Valentino Progr:33195 | |||||
| Buone Condizioni | Not For Loan | PAULUS-BIBLIOTECA | PAULUS-BIBLIOTECA | 27/06/2013 | P E1 | 27/06/2013 | 27/06/2013 | LIBRO | Dewey Decimal Classification | ||||
| Buone Condizioni | Not For Loan | PAULUS-BIBLIOTECA | PAULUS-BIBLIOTECA | 27/06/2013 | P E1 | 27/06/2013 | 27/06/2013 | LIBRO | Dewey Decimal Classification | ||||
| Buone Condizioni | Not For Loan | PAULUS-BIBLIOTECA | PAULUS-BIBLIOTECA | 27/06/2013 | P E1 | 27/06/2013 | 27/06/2013 | LIBRO | Dewey Decimal Classification | ||||
| Buone Condizioni | Not For Loan | PAULUS-BIBLIOTECA | PAULUS-BIBLIOTECA | 27/06/2013 | P E1 | 27/06/2013 | 27/06/2013 | LIBRO | Dewey Decimal Classification |